| 000 | 00615nam a2200193 i 4500 | ||
|---|---|---|---|
| 001 | 57563 | ||
| 003 | ES-MaACL | ||
| 005 | 20251115063238.0 | ||
| 007 | t| | ||
| 008 | 031016s1927 sp ||||1| spa d | ||
| 100 | 1 |
_aDomínguez Bordona, Jesús, _d1889-1963 _945195 |
|
| 245 | 1 | 0 |
_aFederico Zúccaro en España / _cJesús Domínguez Bordona. |
| 260 |
_a[S.l. : _bs.n., _c1927] |
||
| 300 |
_a13 p. ; _c28 cm. |
||
| 500 | _aDel "Archivo Español de Arte y Arqueologia", nº VII-1927. | ||
| 600 | 1 | 7 |
_aZuccaro, Federico, _dca. 1540-1609 _2 _9164441 |
| 852 |
_aES-MaACL _j1709-F-19 |
||
| 999 |
_c57563 _d57563 |
||